[Event "HUN-chT2 Maroczy 1314"]
[Site "Hungary"]
[Date "2014.02.16"]
[Round "7"]
[White "Nagy, Daniel"]
[Black "Bogdan, Dan"]
[Result "0-1"]
[WhiteElo "2242"]
[BlackElo "2371"]
[PlyCount "116"]
[EventDate "2013.09.08"]
[EventType "team-tourn"]
[EventRounds "11"]
[EventCountry "HUN"]
[SourceTitle "EXT 2016"]
[Source "ChessBase"]
[SourceDate "2015.10.08"]
[SourceVersion "1"]
[SourceVersionDate "2015.10.08"]
[SourceQuality "1"]
[WhiteTeam "Mako II"]
[BlackTeam "Kisujszallas"]
[WhiteTeamCountry "HUN"]
[BlackTeamCountry "HUN"]

1. c4 g6 2. Nc3 Bg7 3. g3 c5 4. Bg2 Nc6 5. d3 e6 6. e4 Nge7 7. Nge2 a6 8. h4 h5 9. Bf4 d6 10. Qd2 Nd4 11. Rb1 Nec6 12. 0-0 Rb8 13. a3 b5 14. b4 cxb4 15. axb4 0-0 16. Rfc1 Bb7 17. c5 dxc5 18. Bxb8 cxb4 19. Bf4 bxc3 20. Nxc3 b4 21. Na4 a5 22. Nc5 Ba8 23. Be3 Nb5 24. Bh6 Bxh6 25. Qxh6 Ncd4 26. Kh2 Nc3 27. Rb2 Qd6 28. Nb3 Nxb3 29. Rxb3 Qxd3 30. Qg5 Qd4 31. Qxa5 Qxf2 32. Rbxc3 bxc3 33. Qxc3 Bxe4 34. Rg1 Ra8 35. Qe1 Qxe1 36. Rxe1 Bxg2 37. Kxg2 Ra4 38. Kf3 Kg7 39. Re5 Kf6 40. Re3 g5 41. hxg5+ Kxg5 42. Re5+ Kg6 43. Rb5 f5 44. Rb6 Kf6 45. Rc6 h4 46. gxh4 Rxh4 47. Ra6 Re4 48. Rb6 Rd4 49. Ra6 Ke7 50. Ke3 Rd6 51. Ra7+ Kf6 52. Ra8 Rb6 53. Ra3 e5 54. Rc3 Kg5 55. Ra3 Rh6 56. Ra4 Rh3+ 57. Kf2 e4 58. Kg2 Rd3 0-1

[Event "HUN-chT2 Maroczy 1314"]
[Site "Hungary"]
[Date "2014.02.02"]
[Round "6"]
[White "Glatt, Gabor"]
[Black "Nagy, Daniel"]
[Result "1/2-1/2"]
[WhiteElo "2308"]
[BlackElo "2242"]
[PlyCount "51"]
[EventDate "2013.09.08"]
[EventType "team-tourn"]
[EventRounds "11"]
[EventCountry "HUN"]
[SourceTitle "EXT 2016"]
[Source "ChessBase"]
[SourceDate "2015.10.08"]
[SourceVersion "1"]
[SourceVersionDate "2015.10.08"]
[SourceQuality "1"]
[WhiteTeam "Budapest MLTC II"]
[BlackTeam "Mako II"]
[WhiteTeamCountry "HUN"]
[BlackTeamCountry "HUN"]

1. Nf3 Nf6 2. g3 g6 3. Bg2 Bg7 4. 0-0 0-0 5. d4 d6 6. Nc3 Nbd7 7. e4 e5 8. h3 c6 9. Be3 Qc7 10. a4 Re8 11. Qd2 exd4 12. Nxd4 Nc5 13. f3 b6 14. Rad1 Ba6 15. Rfe1 Rad8 16. Qf2 Ne6 17. f4 d5 18. Nxc6 Nxe4 19. Bxe4 Qxc6 20. Bxd5 Qc7 21. Ne4 Nf8 22. Ng5 Rxd5 23. Rxd5 Bb7 24. Red1 Bxd5 25. Rxd5 Qc6 26. Rd3 1/2-1/2

[Event "HUN-chT2 Maroczy 1314"]
[Site "Hungary"]
[Date "2013.11.17"]
[Round "5"]
[White "Nagy, Daniel"]
[Black "Koczo, Kristof"]
[Result "1/2-1/2"]
[WhiteElo "2242"]
[BlackElo "2265"]
[PlyCount "113"]
[EventDate "2013.09.08"]
[EventType "team-tourn"]
[EventRounds "11"]
[EventCountry "HUN"]
[SourceTitle "EXT 2016"]
[Source "ChessBase"]
[SourceDate "2015.10.08"]
[SourceVersion "1"]
[SourceVersionDate "2015.10.08"]
[SourceQuality "1"]
[WhiteTeam "Mako II"]
[BlackTeam "Budapest Kobanya"]
[WhiteTeamCountry "HUN"]
[BlackTeamCountry "HUN"]

1. d4 d5 2. Nf3 Nf6 3. c4 c6 4. e3 a6 5. b3 Bf5 6. Bd3 Bxd3 7. Qxd3 e6 8. 0-0 Nbd7 9. Nc3 Bb4 10. Nd2 0-0 11. Bb2 Re8 12. e4 dxe4 13. Ndxe4 Nxe4 14. Nxe4 Nc5 15. Nxc5 Bxc5 16. Rad1 Be7 17. f4 Bf6 18. Bc1 Qa5 19. Be3 Rad8 20. Qc2 g6 21. Rd2 Rd7 22. Rfd1 Red8 23. Qe4 Qh5 24. Bf2 Kg7 25. Rd3 Qa5 26. R3d2 Qb4 27. h3 a5 28. g4 Kg8 29. Rd3 a4 30. Kg2 Ra8 31. f5 exf5 32. gxf5 axb3 33. axb3 Qe7 34. Qxe7 Rxe7 35. fxg6 hxg6 36. d5 cxd5 37. Rxd5 Kg7 38. Rd7 Rae8 39. Kf3 Rxd7 40. Rxd7 Re7 41. Rd5 Bc3 42. Bg3 f5 43. Bd6 Re6 44. Bc5 Kf6 45. Rd7 b6 46. Bf2 g5 47. Rb7 Ba5 48. Bd4+ Kg6 49. Rd7 Bb4 50. Rd5 Be7 51. Bf2 Rf6 52. Bd4 Re6 53. Bf2 Rf6 54. Bg1 Re6 55. Bd4 Bf6 56. Bf2 Be7 57. Rb5 1/2-1/2

[Event "HUN-chT2 Maroczy 1314"]
[Site "Hungary"]
[Date "2013.11.03"]
[Round "4"]
[White "Ballai, Zsolt"]
[Black "Nagy, Daniel"]
[Result "1-0"]
[WhiteElo "2287"]
[BlackElo "2242"]
[PlyCount "151"]
[EventDate "2013.09.08"]
[EventType "team-tourn"]
[EventRounds "11"]
[EventCountry "HUN"]
[SourceTitle "EXT 2016"]
[Source "ChessBase"]
[SourceDate "2015.10.08"]
[SourceVersion "1"]
[SourceVersionDate "2015.10.08"]
[SourceQuality "1"]
[WhiteTeam "Hajduboszormeny"]
[BlackTeam "Mako II"]
[WhiteTeamCountry "HUN"]
[BlackTeamCountry "HUN"]

1. d4 d5 2. c4 e5 3. dxe5 d4 4. Nf3 Nc6 5. g3 Nge7 6. Bg2 Ng6 7. Bg5 Qd7 8. e6 fxe6 9. 0-0 e5 10. Bc1 Be7 11. Ne1 Nd8 12. Nd3 0-0 13. Nd2 Nf7 14. Ne4 c6 15. c5 Qc7 16. b4 Be6 17. Bd2 Qd7 18. Re1 Bd5 19. Qc2 Qf5 20. Nb2 Ng5 21. Bxg5 Bxg5 22. Rf1 Rad8 23. Nc4 Be7 24. Rac1 Qe6 25. Qd3 Rd7 26. a4 Bf6 27. Ncd2 Rc7 28. h4 Ne7 29. Kh2 Qg4 30. Bh3 Qg6 31. Nd6 Qxd3 32. exd3 g6 33. b5 cxb5 34. Nxb5 Rc6 35. Bd7 a6 36. Bxc6 Bxc6 37. Nd6 Nf5 38. N2e4 Be7 39. Rb1 Bxd6 40. Nxd6 Nxd6 41. cxd6 Rd8 42. Rfe1 Rxd6 43. Rxe5 Kf7 44. Rbe1 Rd7 45. a5 Bb5 46. Rd1 Kf6 47. Re4 h5 48. g4 hxg4 49. Rxg4 Rd5 50. Kg3 Bc6 51. Rc1 Bb5 52. Rf4+ Ke6 53. Re1+ Kd6 54. Rf6+ Kc5 55. Rxg6 Kb4 56. Rg5 Rd7 57. h5 Bxd3 58. h6 Bc2 59. Rg7 Rd6 60. h7 Rh6 61. Rxb7+ Kc3 62. Rc7+ Kb2 63. Re2 d3 64. Rd2 Kb3 65. f4 Rg6+ 66. Kh4 Rh6+ 67. Kg5 Rh3 68. Kg6 Kb2 69. Kg7 Rg3+ 70. Kf6 Rh3 71. f5 Kb3 72. Kg7 Rg3+ 73. Kf8 Rh3 74. f6 Kb4 75. Kg8 Rg3+ 76. Rg7 1-0

[Event "HUN-chT2 Maroczy 1314"]
[Site "Hungary"]
[Date "2013.08.22"]
[Round "2"]
[White "Nagy, Daniel"]
[Black "Varasdy, Imre"]
[Result "1/2-1/2"]
[WhiteElo "2242"]
[BlackElo "2342"]
[PlyCount "113"]
[EventDate "2013.09.08"]
[EventType "team-tourn"]
[EventRounds "11"]
[EventCountry "HUN"]
[SourceTitle "EXT 2016"]
[Source "ChessBase"]
[SourceDate "2015.10.08"]
[SourceVersion "1"]
[SourceVersionDate "2015.10.08"]
[SourceQuality "1"]
[WhiteTeam "Mako II"]
[BlackTeam "Toth Laszlo"]
[WhiteTeamCountry "HUN"]
[BlackTeamCountry "HUN"]

1. d4 Nf6 2. Bg5 Ne4 3. Bf4 c5 4. f3 Qa5+ 5. c3 Nf6 6. Nd2 cxd4 7. Nb3 Qb6 8. Qxd4 Qxd4 9. cxd4 d5 10. Rc1 Nc6 11. e3 e6 12. Ne2 Be7 13. h3 Na5 14. Nxa5 Bb4+ 15. Nc3 Bxa5 16. Kf2 a6 17. Bd3 Bd7 18. g4 h6 19. h4 Ke7 20. g5 Nh5 21. Bh2 Bc6 22. a3 Rhc8 23. Ne2 Ba4 24. b4 Bb6 25. Nf4 Nxf4 26. Bxf4 hxg5 27. hxg5 Bd7 28. Be5 Rxc1 29. Rxc1 f6 30. gxf6+ gxf6 31. Bf4 Bb5 32. Bb1 Rg8 33. Rh1 Kf7 34. Rh7+ Rg7 35. Rh8 Rg8 36. Rh7+ Rg7 37. Rh1 Ke7 38. Rh8 Bc6 39. Bh6 Rf7 40. Bg6 e5 41. Bxf7 Kxf7 42. dxe5 fxe5 43. Bf8 Ke6 44. Rh6+ Kf5 45. Rh5+ Ke6 46. Bg7 d4 47. e4 d3+ 48. Ke1 Be3 49. Rh2 d2+ 50. Rxd2 Bxd2+ 51. Kxd2 Bb5 52. Ke3 Ba4 53. f4 exf4+ 54. Kxf4 Bc2 55. Ke3 Bb1 56. Kd4 Bc2 57. Be5 1/2-1/2

[Event "HUN-chT 1213"]
[Site "Hungary"]
[Date "2013.04.21"]
[Round "9"]
[White "Nagy, Daniel"]
[Black "Kovacs, Klara"]
[Result "1/2-1/2"]
[WhiteElo "2226"]
[BlackElo "2200"]
[PlyCount "92"]
[EventDate "2012.09.16"]
[EventType "team-tourn"]
[EventRounds "9"]
[EventCountry "HUN"]
[SourceTitle "EXT 2014"]
[Source "ChessBase"]
[SourceDate "2013.11.20"]
[SourceVersion "1"]
[SourceVersionDate "2013.11.20"]
[SourceQuality "1"]
[WhiteTeam "Mako"]
[BlackTeam "Toth Laszlo"]
[WhiteTeamCountry "HUN"]
[BlackTeamCountry "HUN"]

1. d4 e6 2. Nf3 Nf6 3. c4 d5 4. Nc3 Be7 5. Bg5 0-0 6. e3 h6 7. Bh4 Ne4 8. Bxe7 Qxe7 9. Qc2 Nxc3 10. Qxc3 dxc4 11. Bxc4 b6 12. Rc1 Bb7 13. Be2 Nd7 14. 0-0 c5 15. Rfd1 Bd5 16. Qa3 Rfc8 17. Ne1 Kf8 18. Bb5 Bc6 19. Bxc6 Rxc6 20. Nd3 Rd6 21. dxc5 Nxc5 22. Nxc5 Rxd1+ 23. Rxd1 Qxc5 24. Qxc5+ bxc5 25. Rc1 Rb8 26. b3 Rb5 27. Kf1 Ke7 28. Ke2 Kd6 29. Rd1+ Kc6 30. Kd3 a5 31. Kc3 Rb8 32. e4 f6 33. f3 a4 34. g3 Ra8 35. f4 axb3 36. Kxb3 Kb5 37. Rd7 c4+ 38. Kb2 Kc5 39. Rxg7 Kd4 40. Rd7+ Kxe4 41. Rd2 e5 42. Rd6 exf4 43. gxf4 f5 44. Rxh6 Ra4 45. Rg6 Kxf4 46. h4 Rb4+ 1/2-1/2

[Event "HUN-chT2 Toth 1213"]
[Site "Hungary"]
[Date "2012.11.18"]
[Round "4.2"]
[White "Nagy, Daniel"]
[Black "Kovacs, Adrian"]
[Result "1/2-1/2"]
[WhiteElo "2226"]
[BlackElo "2228"]
[PlyCount "91"]
[EventDate "2012.09.16"]
[EventType "team-tourn"]
[EventRounds "11"]
[EventCountry "HUN"]
[SourceTitle "EXT 2014"]
[Source "ChessBase"]
[SourceDate "2013.11.20"]
[SourceVersion "1"]
[SourceVersionDate "2013.11.20"]
[SourceQuality "1"]
[WhiteTeam "Mako II"]
[BlackTeam "Toth Laszlo II"]
[WhiteTeamCountry "HUN"]
[BlackTeamCountry "HUN"]

1. d4 Nf6 2. Bg5 d5 3. Bxf6 exf6 4. g3 c6 5. Bg2 Bf5 6. e3 Nd7 7. Ne2 Nb6 8. Nd2 Qd7 9. a4 a5 10. c3 Be7 11. Qb3 Nc8 12. f3 Nd6 13. e4 dxe4 14. fxe4 Be6 15. Qc2 g5 16. c4 c5 17. d5 Bh3 18. Bxh3 Qxh3 19. 0-0-0 0-0-0 20. Qb3 Kc7 21. Nc3 b6 22. Nb5+ Nxb5 23. Qxb5 Qd7 24. Rhf1 Rhf8 25. Rf5 Rde8 26. Rdf1 Bd8 27. b3 Re5 28. Kc2 Rxf5 29. Rxf5 Re8 30. Kd3 Re5 31. Nf3 Rxf5 32. Qxd7+ Kxd7 33. exf5 Bc7 34. Ke4 Ke7 35. Nd2 Kd6 36. Nb1 Kd7 37. Nc3 Be5 38. Nb5 Bb8 39. Kf3 h5 40. h3 Ke7 41. g4 h4 42. Ke4 Kd7 43. d6 Bxd6 44. Kd5 Be5 45. Na3 Bg3 46. Nb5 1/2-1/2

[Event "HUN-chT 1112"]
[Site "Hungary"]
[Date "2012.03.25"]
[Round "8"]
[White "Csiszar, Zoltan"]
[Black "Nagy, Daniel"]
[Result "1/2-1/2"]
[WhiteElo "2272"]
[BlackElo "2241"]
[PlyCount "34"]
[EventDate "2011.09.25"]
[EventType "team-tourn"]
[EventRounds "11"]
[EventCountry "HUN"]
[SourceTitle "EXT 2013"]
[Source "ChessBase"]
[SourceDate "2012.11.22"]
[SourceVersion "1"]
[SourceVersionDate "2012.11.22"]
[SourceQuality "1"]
[WhiteTeam "Csuti"]
[BlackTeam "Mako"]
[WhiteTeamCountry "HUN"]
[BlackTeamCountry "HUN"]

1. d4 d5 2. c4 e6 3. Nc3 c6 4. e3 Nf6 5. Nf3 Nbd7 6. Qc2 Bd6 7. b3 0-0 8. Be2 b6 9. 0-0 Bb7 10. Bb2 Qe7 11. Rfe1 Rac8 12. Rad1 c5 13. Nb5 Bb8 14. dxc5 Nxc5 15. cxd5 Bxd5 16. Nc3 Bb7 17. Qb1 Rfd8 1/2-1/2

[Event "HUN-chT 1112"]
[Site "Hungary"]
[Date "2012.03.11"]
[Round "7"]
[White "Salanki, Endre"]
[Black "Nagy, Daniel"]
[Result "1/2-1/2"]
[WhiteElo "2286"]
[BlackElo "2241"]
[PlyCount "28"]
[EventDate "2011.09.25"]
[EventType "team-tourn"]
[EventRounds "11"]
[EventCountry "HUN"]
[SourceTitle "EXT 2013"]
[Source "ChessBase"]
[SourceDate "2012.11.22"]
[SourceVersion "1"]
[SourceVersionDate "2012.11.22"]
[SourceQuality "1"]
[WhiteTeam "Toth Laszlo"]
[BlackTeam "Mako"]
[WhiteTeamCountry "HUN"]
[BlackTeamCountry "HUN"]

1. c4 e6 2. g3 Nf6 3. Bg2 d5 4. cxd5 exd5 5. Nf3 c6 6. 0-0 Bf5 7. d4 Bd6 8. Nc3 0-0 9. b3 Ne4 10. Bb2 Nd7 11. Nh4 Nxc3 12. Bxc3 Bg4 13. Qd3 Re8 14. Rfe1 Be7 1/2-1/2

[Event "HUN-chT 1112"]
[Site "Hungary"]
[Date "2011.10.30"]
[Round "2"]
[White "Medvegy, Zoltan"]
[Black "Nagy, Daniel"]
[Result "1/2-1/2"]
[WhiteElo "2531"]
[BlackElo "2241"]
[PlyCount "150"]
[EventDate "2011.09.25"]
[EventType "team-tourn"]
[EventRounds "11"]
[EventCountry "HUN"]
[SourceTitle "EXT 2012"]
[Source "ChessBase"]
[SourceDate "2011.11.24"]
[SourceVersion "1"]
[SourceVersionDate "2011.11.24"]
[SourceQuality "1"]
[WhiteTeam "Aquaprofit"]
[BlackTeam "Mako"]
[WhiteTeamCountry "HUN"]
[BlackTeamCountry "HUN"]

1. c4 e6 2. Nf3 Nf6 3. g3 b6 4. Bg2 Bb7 5. d4 Bb4+ 6. Bd2 Be7 7. Nc3 0-0 8. 0-0 d5 9. cxd5 exd5 10. Bf4 Nh5 11. Be3 Nd7 12. Ne5 c6 13. f4 Nhf6 14. h3 Ne8 15. Bf2 f6 16. Nd3 f5 17. b4 Ndf6 18. Qb3 Nd6 19. Ne5 Rc8 20. a4 Nde4 21. Nxe4 Nxe4 22. Bxe4 fxe4 23. a5 Bd6 24. a6 Ba8 25. Kh2 Qe7 26. Rab1 Kh8 27. Be3 c5 28. dxc5 bxc5 29. Bxc5 Bxc5 30. bxc5 Rxc5 31. Qb4 Rc7 32. Qd4 Qf6 33. Qa4 Rd8 34. Rfc1 Rxc1 35. Rxc1 d4 36. Rc7 Kg8 37. Rxa7 d3 38. exd3 Qb6 39. Qa2+ Bd5 40. Rb7 Qxb7 41. axb7 Bxa2 42. Nc6 Bd5 43. Nxd8 Bxb7 44. dxe4 Bxe4 45. Ne6 Bd5 46. Nd4 Kf7 47. g4 h6 48. Kg3 Be4 49. h4 Bd5 50. f5 Kf6 51. Kf4 g5+ 52. hxg5+ hxg5+ 53. Ke3 Ke5 54. Nf3+ Kf6 55. Ng1 Ke5 56. Nf3+ Kf6 57. Ne1 Bb3 58. Kd2 Bd5 59. Kd3 Ke5 60. Ke3 Bc6 61. Nd3+ Kf6 62. Nb4 Bb7 63. Nc2 Ke5 64. Nd4 Bd5 65. Nf3+ Kf6 66. Ne1 Bb3 67. Kd2 Bd5 68. Kd3 Ke5 69. Ke3 Bc6 70. Nf3+ Kf6 71. Nd2 Ke5 72. Nc4+ Kd5 73. Na5 Ba4 74. Nb7 Bd1 75. Nd8 Bxg4 1/2-1/2

[Event "HUN-chT 1011"]
[Site "Hungary"]
[Date "2011.05.15"]
[Round "11"]
[White "Juhasz, Kristof"]
[Black "Nagy, Daniel"]
[Result "1-0"]
[WhiteElo "2268"]
[BlackElo "2309"]
[PlyCount "65"]
[EventDate "2010.10.10"]
[EventType "team-tourn"]
[EventRounds "11"]
[EventCountry "HUN"]
[SourceTitle "EXT 2012"]
[Source "ChessBase"]
[SourceDate "2011.11.24"]
[SourceVersion "1"]
[SourceVersionDate "2011.11.24"]
[SourceQuality "1"]
[WhiteTeam "Csuti"]
[BlackTeam "Mako"]
[WhiteTeamCountry "HUN"]
[BlackTeamCountry "HUN"]

1. d4 Nf6 2. c4 e6 3. Nf3 d5 4. g3 Be7 5. Bg2 0-0 6. Nc3 c6 7. 0-0 Nbd7 8. Qd3 b6 9. Rd1 Ba6 10. b3 Rc8 11. e4 c5 12. exd5 exd5 13. dxc5 dxc4 14. bxc4 Qc7 15. Nb5 Bxb5 16. cxb5 Nxc5 17. Qf1 Nfe4 18. Bf4 Bd6 19. Bxd6 Nxd6 20. Rac1 Nde4 21. Nd4 Rce8 22. Qc4 Qe7 23. Nc6 Qf6 24. Qd4 a5 25. Qxf6 Nxf6 26. Nxa5 Re2 27. Nc4 Rxa2 28. Nxb6 Nfe4 29. Bxe4 Nxe4 30. Nd7 Re8 31. Re1 f5 32. b6 Rb2 33. Rb1 1-0

[Event "HUN-chT 1011"]
[Site "Hungary"]
[Date "2011.05.01"]
[Round "10"]
[White "Nagy, Daniel"]
[Black "Hando, Vilmos"]
[Result "1/2-1/2"]
[WhiteElo "2309"]
[BlackElo "2308"]
[PlyCount "90"]
[EventDate "2010.10.10"]
[EventType "team-tourn"]
[EventRounds "11"]
[EventCountry "HUN"]
[SourceTitle "EXT 2012"]
[Source "ChessBase"]
[SourceDate "2011.11.24"]
[SourceVersion "1"]
[SourceVersionDate "2011.11.24"]
[SourceQuality "1"]
[WhiteTeam "Mako"]
[BlackTeam "Kazincbarcika"]
[WhiteTeamCountry "HUN"]
[BlackTeamCountry "HUN"]

1. d4 Nf6 2. Nf3 g6 3. c4 Bg7 4. g3 0-0 5. Bg2 d6 6. Nc3 Nc6 7. d5 Na5 8. Nd2 c5 9. 0-0 Rb8 10. Qc2 a6 11. Rb1 b5 12. cxb5 axb5 13. b4 cxb4 14. Rxb4 Ba6 15. Qb1 Qc7 16. Nxb5 Qc5 17. a4 Nxd5 18. Bxd5 Qxd5 19. Nc7 Rxb4 20. Qxb4 Qc6 21. Qxa5 Bb7 22. Nf3 Bc3 23. Nd5 Bxa5 24. Nxe7+ Kg7 25. Nxc6 Bxc6 26. Bb2+ f6 27. Nd4 Bd7 28. Nb5 Bb4 29. Ra1 Ra8 30. Bc3 Bc5 31. Nc7 Rxa4 32. Rxa4 Bxa4 33. Nd5 Kf7 34. Nxf6 h6 35. Ne4 Ba3 36. e3 Bc6 37. Nd2 Ke6 38. Nb3 Bc5 39. Bd4 Bd5 40. Nxc5+ dxc5 41. Bxc5 Bf3 42. h3 h5 43. g4 hxg4 44. hxg4 Bxg4 45. Kg2 Kd5 1/2-1/2